000 00345nam a22001217a 4500
999 _c2735
_d2735
005 20200923142733.0
008 200923b ||||| |||| 00| 0 eng d
020 _a071954632x
040 _cCML
245 _aPractical Electronics for GCSE.
_cBishop, O.
260 _aLondon
_bJohn Murray Ltd
_c1989
942 _2ddc
_cBK
_h573.5
_mBIS